| 000 | 00561nam a22001577a 4500 | ||
|---|---|---|---|
| 003 | JO-AjAnu | ||
| 005 | 20250309095511.0 | ||
| 008 | 250304b jo ||||| |||| 00| 0 ara d | ||
| 040 |
_aJO-AjAnu _bARA _cJO-AjAnu |
||
| 041 | _hARA | ||
| 100 |
_aالبخاري، صفوان _eاعداد وتقديم _966462 |
||
| 245 |
_aالدكتور عمر حيدر أمين العبهري، المجلد الاول _c/ اعداد وتقديم صفوان البخاري |
||
| 300 | _a318 صفحه | ||
| 650 | _vالشعرالعربي-الأردن-قرن20 | ||
| 942 |
_2lcc _cBK _n0 |
||
| 999 |
_c33867 _d33867 |
||